"Erschütterung durch das Ereignis" (M.-D. Chenu): die Entdeckung der Geschichte als Ort des Glaubens und der Theologie

Salvato in:  
Dettagli Bibliografici
Autore principale: Heimbach-Steins, Marianne 1959- (Autore)
Tipo di documento: Stampa Articolo
Lingua:Tedesco
Verificare la disponibilità: HBZ Gateway
Interlibrary Loan:Interlibrary Loan for the Fachinformationsdienste (Specialized Information Services in Germany)
Pubblicazione: 1997
In: Visionen des Konzils
Anno: 1997, Pagine: 103-121
Altre parole chiave:B Theology
B conception of history
B Vatikanisches Konzil II
B Teologia
B Geschichtsauffassung
B Vatican Council II

MARC

LEADER 00000caa a22000002c 4500
001 597212805
003 DE-627
005 20220705141037.0
007 tu
008 090404s1997 xx ||||| 00| ||ger c
020 |a 3825828077 
035 |a (DE-627)597212805 
035 |a (DE-576)9597212803 
035 |a (DE-599)GBV597212805 
040 |a DE-627  |b ger  |c DE-627  |e rakwb 
041 |a ger 
084 |a 1  |2 ssgn 
100 1 |0 (DE-588)119494965  |0 (DE-627)080310869  |0 (DE-576)167106066  |4 aut  |a Heimbach-Steins, Marianne  |d 1959- 
109 |a Heimbach-Steins, Marianne 1959-  |a Steins, Marianne Heimbach- 1959-  |a Heimbach, Marianne 1959- 
245 1 0 |a "Erschütterung durch das Ereignis" (M.-D. Chenu)  |b die Entdeckung der Geschichte als Ort des Glaubens und der Theologie  |c Marianne Heimbach-Steins 
264 1 |c 1997 
336 |a Text  |b txt  |2 rdacontent 
337 |a ohne Hilfsmittel zu benutzen  |b n  |2 rdamedia 
338 |a Band  |b nc  |2 rdacarrier 
601 |a Ereignis 
601 |a Entdecker 
601 |a Geschichte 
601 |a Theologie 
650 4 |a Geschichtsauffassung 
650 4 |a Theologie 
650 4 |a Vatikanisches Konzil II 
650 4 |a conception of history 
650 4 |a Theology 
650 4 |a Vatican Council II 
773 0 8 |i In  |t Visionen des Konzils  |d Münster : Lit, 1997  |g (1997), S. 103-121  |h 230 Seiten  |w (DE-627)27500175X  |w (DE-576)062010956  |z 3825828077  |7 nnam 
773 1 8 |g year:1997  |g pages:103-121 
951 |a AR 
ELC |b 1 
ITA |a 1  |t 1 
LOK |0 000 xxxxxcx a22 zn 4500 
LOK |0 001 3596500982 
LOK |0 003 DE-627 
LOK |0 004 597212805 
LOK |0 005 20200218140619 
LOK |0 008 200218||||||||||||||||ger||||||| 
LOK |0 040   |a DE-Tue135  |c DE-627  |d DE-Tue135 
LOK |0 092   |o n 
LOK |0 852   |a DE-Tue135 
LOK |0 852 1  |9 00 
LOK |0 935   |a ixau 
LOK |0 939   |a 18-02-20  |b l01 
ORI |a SA-MARC-ixtheoa001.raw 
STA 0 0 |a Theology,Theology 
STB 0 0 |a Théologie,Théologie 
STC 0 0 |a Teología,Teología 
STD 0 0 |a Teologia,Teologia 
STE 0 0 |a 神学家 
STF 0 0 |a 神學家 
STG 0 0 |a Teologia,Teologia 
STH 0 0 |a Богословие (мотив),Богословие 
STI 0 0 |a Θεολογία (μοτίβο),Θεολογία 
SYE 0 0 |a Christliche Theologie